01071nam a22002537a 4500003000500000005001700005008004100022010001100063011001100074035001100085040000900096100003700105245025000142260004000392500006000432502009900492650004600591650003200637650001900669650001800688650002600706650002100732856006400753CHAP20220329143815.0110914s2011 mx r 00010 spa d a102111 a103083 a113772 cCHAP1 aPeralta Solabac, María Sandra.10aInnovación tecnológica agroforestal para la seguridad alimentaria y producción sostenible del insumo para biodisel en base de Jatropha curcas y frijol en temporal de Sánchez, Ver, Méx.h[En línea]c/por María Sandra Peralta Solabac aChapingo, Méx. :bEl autor,c2011 aPara ver el contenido del material haga clic en la liga aTesis (M.C. en Agroforestería para el Desarrollo Sostenible) -- UACH. Departamento de Suelos14aAgriculturaxInnovaciones tecnológicas.14aAgroforesteríazVeracruz.14aBiocarburante.14aCombustibles.14aFrijolxSubproductos.14aJatropha curcas. 3Finding aiduhttp://10.13.5.2/tesis/113772.pdfzTeclea aqui